Teatro al borde de la mesa (Registro nro. 17781)

Detalles MARC
000 -LDR (LÍDER)
Campo de control de longitud fija 02234nam a2200325 a 4500
003 - IDENTIFICADOR DEL NÚMERO DE CONTROL
Campo de control CO-PeBPR
005 - FECHA Y HORA DE LA ÚLTIMA TRANSACCIÓN
Campo de control 20260424114729.0
008 - ELEMENTOS DE DATOS DE LONGITUD FIJA--INFORMACIÓN GENERAL
Campo de control de longitud fija 260415e2024 ck a|||| n||| 00| 0 spa c
020 ## - Código Internacional normalizado para libros
Código Internacional normalizado para libros 9786289648430
040 0# - FUENTE DE CATALOGACIÓN
Agencia catalogadora original CO-PeBPR
Idioma de la agencia catalogadora spa
Agencia que transcribe CO-PeBPR
Norma para la descripción rda
041 0# - Código del Idioma
Código idioma del recurso original spa
082 04 - NÚMERO DE CLASIFICACIÓN DECIMAL DEWEY
Número de clasificación 862.7 V297t
100 1# - ASIENTO PRINCIPAL--NOMBRE PERSONAL
Nombre personal Vargas, Arístides
Términos de relación autor
245 10 - MENCIÓN DE TÍTULO
Título propiamente dicho Teatro al borde de la mesa
Mención de responsabilidad / Arístides Vargas ; prólogo de Jaime Chabaud ; editado por Iván Andrés Chávez
250 ## - MENCIÓN DE EDICIÓN
Mención de edición Edición especial
264 #1 - Área de la Producción Publicación, Distribución, Manufactura, etc.
Lugar de publicación, distribución, etc. Bogotá, Colombia
Nombre de la editorial, distribuidor, etc. : Fundación Mulato
Fecha de publicación, distribución, etc. , 2024
300 ## - DESCRIPCIÓN FÍSICA
Extensión 331 Páginas
Otros detalles físicos : ilustraciones, fotografías en blanco y negro
Dimensiones ; 22 centímetros
336 ## - Tipo de Contenido
Tipo de contenido texto
Código de tipo de contenido txt
Fuente rdacontenido
337 ## - Tipo de Medio
Tipo de Medio sin mediación
Código de tipo de medio n
Fuente rdamedio
338 ## - Tipo de Soporte
Tipo de soporte volumen
Código de tipo de soporte nc
Fuente rdasoporte
500 ## - NOTA GENERAL
Nota general Incluye índice.
520 ## - NOTA DE RESUMEN, ETC.
Nota de sumario Los textos de Arístides te pierden en cuanto a cómo funciona la relación fábula-acción al tiempo que te arroba con la portentosa capacidad de construir frases poéticas, metáforas, oxímoros e ironías del tamaño de un monumento ácrata. Y por eso analizarlos en tanto maqui- naria, en su funcionamiento, implica la renuncia al disfrute de sus diálo- gos fantásticos y demoledores. Fantásticos porque aluden a una realidad torcida, distorsionada por la imperfección de los múltiples espejos que el dramaturgo escoge para mostrarla mediante imágenes verbales-acción que obliga a releerlas y disfrutarlas como un manjar inaudito que por primera vez entra en contacto con nuestras papilas gustativas. A ese lector saboreador, sibarita, que hace años se encontró con la pluma del u201cNegrou201d Arístides, se ha de renunciar si se quiere saber cómo es que articula sus estructuras que, como dije, son bastante recurrentes o parecidas, no como demérito sino más bien como un gesto del autor que construye la obra de una vida; su obra en el tiempo. Cada texto, por tanto, es un fragmento de un conjunto mayor.
650 14 - ASIENTO SECUNDARIO DE MATERIA - TÉRMINO TEMÁTICO
Fuente del encabezado o término LEMB
Encabezamiento temático Teatro argentino
650 14 - ASIENTO SECUNDARIO DE MATERIA - TÉRMINO TEMÁTICO
Fuente del encabezado o término LEMB
Encabezamiento temático Teatro
Subdivisión general Colecciones
650 14 - ASIENTO SECUNDARIO DE MATERIA - TÉRMINO TEMÁTICO
Fuente del encabezado o término LEMB
Encabezamiento temático Literatura argentina
650 14 - ASIENTO SECUNDARIO DE MATERIA - TÉRMINO TEMÁTICO
Fuente del encabezado o término LEMB
Encabezamiento temático Metáfora en el teatro
700 1# - ASIENTO SECUNDARIO - NOMBRE PERSONAL
Nombre personal Chabaud, Jaime
Fechas asociadas al nombre 1966
Término de relación, rol en la obra prologuista
700 1# - ASIENTO SECUNDARIO - NOMBRE PERSONAL
Nombre personal Chávez, Iván Andrés
Término de relación, rol en la obra editor
942 ## - ENTRADA DE ELEMENTOS AGREGADOS (KOHA
Fuente de clasificación o esquema de estantería. Dewey Decimal Classification
Tipo de ítem Literartura
Existencias
Estado de pérdida Fuente del sistema de clasificación o colocación Estado de daño No disponible para préstamo Colección Biblioteca de origen Biblioteca actual Ubicación en estantería Signatura topográfica completa Ejemplar Código de barras Tipo de ítem Fecha de adquisición Total de pagos Fecha de la última vez visto
  Dewey Decimal Classification     General Sala de Patrimonio Bibliográfico y Documental - Biblioteca Departamental Sala de Patrimonio Bibliográfico y Documental - Biblioteca Departamental Área General 862.7 V297t Ej.1 RIBPD16045 Literartura 24/04/2026   24/04/2026